Internet and its potential role in the development of multifunctional agriculture (Record no. 73705)

MARC details
000 -LEADER
fixed length control field 01369cam a2200241 4500
001 - CONTROL NUMBER
control field X124172
008 - FIXED-LENGTH DATA ELEMENTS--GENERAL INFORMATION
fixed length control field 031029n2003 000 0 eng u
035 ## - SYSTEM CONTROL NUMBER
System control number (Sirsi) u124172
100 ## - MAIN ENTRY--PERSONAL NAME
Personal name Warren, M.
245 ## - TITLE STATEMENT
Title Internet and its potential role in the development of multifunctional agriculture
260 ## - PUBLICATION, DISTRIBUTION, ETC.
Date of publication, distribution, etc. 2003
490 ## - SERIES STATEMENT
Series statement Farm Management
Volume/sequential designation 11(9) July 2003, 567-586(11)
520 ## - SUMMARY, ETC.
Summary, etc. Given at a conference on the development of multifunctional agriculture. Argues that the internet has considerable potential in facilitating the development of multifunctionality, particularly in the field of marketing. However, this potential is limited by growth rates in the use of the internet, particularly in the farm sector, due to differential development of telecommunications infrastructure and to factors relating to development of human understanding and capacity. A co-ordinated policy is needed at national and supranational level to ensure that rural populations are able to participate in the digital society and to harness the internet effectively in the development of multifunctionality.
650 ## - SUBJECT ADDED ENTRY--TOPICAL TERM
Topical term or geographic name entry element AGRICULTURE
650 ## - SUBJECT ADDED ENTRY--TOPICAL TERM
Topical term or geographic name entry element INTERNET
650 ## - SUBJECT ADDED ENTRY--TOPICAL TERM
Topical term or geographic name entry element RURAL DEVELOPMENT
650 ## - SUBJECT ADDED ENTRY--TOPICAL TERM
Topical term or geographic name entry element MARKETING
650 ## - SUBJECT ADDED ENTRY--TOPICAL TERM
Topical term or geographic name entry element FARM DIVERSIFICATION
650 ## - SUBJECT ADDED ENTRY--TOPICAL TERM
Topical term or geographic name entry element RURAL COMMUNITIES
650 ## - SUBJECT ADDED ENTRY--TOPICAL TERM
Topical term or geographic name entry element RURAL ISSUES
690 ## - LOCAL SUBJECT ADDED ENTRY--TOPICAL TERM (OCLC, RLIN)
Topical term or geographic name as entry element RURAL-FARM BUSINESS MANAGEMENT
942 ## - ADDED ENTRY ELEMENTS (KOHA)
Suppress in OPAC 0
Holdings
Withdrawn status Lost status Source of classification or shelving scheme Damaged status Not for loan Home library Current library Shelving location Date acquired Total Checkouts Full call number Barcode Date last seen Copy number Price effective from Koha item type
    Dewey Decimal Classification     London London Journal article 29/10/2003   X124172 124172-1001 06/08/2019 1 06/08/2019 Journal article